000
00259nam a2200109 a 4500
008
101213s1965|||| d
245
1
0
_a
Lenin o knihovníctve
260
_b
Matica slovenská
_a
Bratislava
_c
1965
020
_c
6
041
_a
slo
044
_a
xo
_c
SK
999
_c
15153
_d
15153